[Event "XXXI Coppa d'Oro"]
[Site "Villa Guardia ITA"]
[Date "2013.11.03"]
[Round "5"]
[White "Tavasci, Alfio"]
[Black "Guzzetti, Luigi Enrico"]
[WhiteElo "1589"]
[BlackElo "1887"]
[Result "0-1"]
[PlyCount "56"]
[EventDate "2013.11.01"]

1. d4 Nf6 2. c4 g6 3. Nc3 Bg7 4. e4 d6 5. f3 O-O 6. Be3 Nbd7 7. Bd3 c6 8. Nge2
a6 9. Rb1 Qc7 10. Qd2 b6 11. O-O c5 12. Nd5 Nxd5 13. cxd5 Bb7 14. Rfc1 Rfc8 15.
b4 Rab8 16. a4 Qd8 17. bxc5 bxc5 18. dxc5 Nxc5 19. Rc4 a5 20. Bxc5 dxc5 21.
Rbc1 Qd6 22. Nc3 Ba6 23. Nb5 Bxb5 24. axb5 Rxb5 25. Ra4 Rb4 26. Rxa5 c4 27. Ra2
Qb6+ 28. Qf2 Bd4 0-1

[Event "XXXI Coppa d'Oro"]
[Site "Villa Guardia ITA"]
[Date "2013.11.03"]
[Round "5"]
[White "Veri', Giustino"]
[Black "Squillante, Michele"]
[WhiteElo "1713"]
[BlackElo "1715"]
[Result "0-1"]
[PlyCount "71"]
[EventDate "2013.11.01"]

1. d4 Nf6 2. Nf3 g6 3. g3 c6 4. Bg2 d5 5. O-O Bg7 6. c3 O-O 7. Re1 Re8 8. Bf4
Nfd7 9. Qd2 e5 10. dxe5 Nxe5 11. Nxe5 Bxe5 12. Bxe5 Rxe5 13. Qd4 Re8 14. Nd2
Nd7 15. e4 Qb6 16. exd5 Rxe1+ 17. Rxe1 Qxd4 18. cxd4 cxd5 19. Re8+ Kg7 20. Bxd5
Nf6 21. Bxb7 Bxb7 22. Rxa8 Bxa8 23. Kf1 Bd5 24. a3 Kf8 25. b4 Ke7 26. h3 Kd7
27. Ke2 Kc6 28. a4 a6 29. Kd3 Nd7 30. Nb1 Nb6 31. Nc3 Bc4+ 32. Ke3 Bb3 33. a5
Nc4+ 34. Ke4 Nd6+ 35. Kf4 Bc4 36. g4 0-1

[Event "XXXI Coppa d'Oro"]
[Site "Villa Guardia ITA"]
[Date "2013.11.03"]
[Round "5"]
[White "Zerboni, Giuseppe"]
[Black "Aldeghi, Damiano"]
[WhiteElo "1591"]
[BlackElo "1461"]
[Result "0-1"]
[PlyCount "92"]
[EventDate "2013.11.01"]

1. e4 e5 2. Nf3 Nc6 3. Bc4 Bc5 4. O-O Nf6 5. d3 h6 6. Nc3 O-O 7. a4 d6 8. Be3
Bxe3 9. fxe3 Re8 10. Qd2 Be6 11. Nd5 Bd7 12. h3 Nxd5 13. Bxd5 Be6 14. c4 Bxd5
15. exd5 Ne7 16. e4 b6 17. b4 a5 18. b5 Ng6 19. Rf2 Nf4 20. d4 f6 21. Nh4 Kh7
22. Kh2 Qd7 23. Raf1 Rg8 24. Nf5 g6 25. Ng3 Raf8 26. dxe5 fxe5 27. Ne2 g5 28.
Ng3 Qf7 29. Qd1 Qg6 30. Nf5 g4 31. g3 Nxh3 32. Rg2 Qh5 33. Nh4 Qg5 34. Rf5 Rxf5
35. exf5 Rf8 36. Qc2 Kg7 37. Rd2 Qh5 38. Rd1 Ng5 39. Kg2 Nf3 40. Rh1 Nxh4+ 41.
Rxh4 Qxf5 42. Qd2 Qf1+ 43. Kh2 Rf2+ 44. Qxf2 Qxf2+ 45. Kh1 Qf3+ 46. Kh2 e4 0-1

[Event "XXXI Coppa d'Oro"]
[Site "Villa Guardia ITA"]
[Date "2013.11.03"]
[Round "6"]
[White "Aldeghi, Damiano"]
[Black "Primerano, Carlo"]
[WhiteElo "1461"]
[BlackElo "1718"]
[Result "0-1"]
[PlyCount "106"]
[EventDate "2013.11.01"]

1. e4 c5 2. Nf3 e6 3. Nc3 Nc6 4. Bc4 a6 5. a3 b5 6. Be2 Bb7 7. d3 g6 8. Bg5 Qc7
9. O-O Bg7 10. Rb1 Nge7 11. Qd2 O-O 12. Bh6 Nd4 13. Nxd4 cxd4 14. Na2 Bxh6 15.
Qxh6 Qxc2 16. Rfd1 Rac8 17. Qf4 Qc7 18. Qf6 Nc6 19. Rbc1 Qd8 20. Qf4 e5 21. Qg3
Qe7 22. h4 Qe6 23. Ra1 a5 24. h5 h6 25. f4 Kh7 26. Bg4 Qd6 27. f5 g5 28. Rf1 f6
29. Qe1 Rc7 30. Rc1 Rfc8 31. Qd2 b4 32. axb4 axb4 33. b3 Ba6 34. Be2 Rb8 35.
Qb2 Rbc8 36. Qd2 Bb7 37. Qb2 Ne7 38. Qd2 Nc6 39. Qb2 Qe7 40. g4 Na5 41. Rxc7
Rxc7 42. Rc1 Rxc1+ 43. Nxc1 Qc5 44. Na2 d5 45. Bf3 dxe4 46. dxe4 d3+ 47. Kf1
Qc2 48. Qc1 Nxb3 49. Qd1 Nd2+ 50. Kg1 Qxa2 51. Kh1 Qb1 52. Kg2 Qxd1 53. Bxd1
Bxe4+ 0-1

[Event "XXXI Coppa d'Oro"]
[Site "Villa Guardia ITA"]
[Date "2013.11.03"]
[Round "6"]
[White "Ambrosoli, Nadia Manuela"]
[Black "Nipote, Mario"]
[WhiteElo "1414"]
[BlackElo "1510"]
[Result "0-1"]
[PlyCount "90"]
[EventDate "2013.11.01"]

1. d4 d5 2. c4 e6 3. Nc3 c5 4. Nf3 Nc6 5. Bf4 Nf6 6. e3 cxd4 7. exd4 Qa5 8. a3
a6 9. b4 Qd8 10. c5 Be7 11. Bd3 O-O 12. O-O b6 13. Qc2 h6 14. Ne2 Bb7 15. Ne5
Rc8 16. Qd2 Nd7 17. Nxd7 Qxd7 18. cxb6 Bd8 19. a4 Bxb6 20. Bb1 Qe7 21. Qd3 f5
22. Bd2 Nxb4 23. Bxb4 Qxb4 24. Rd1 Qd6 25. g3 e5 26. Ba2 f4 27. dxe5 Qxe5 28.
Nxf4 Qf6 29. Bxd5+ Bxd5 30. Qxd5+ Kh8 31. a5 Bc7 32. Qa2 Bxf4 33. gxf4 Qxf4 34.
Rd3 Rf6 35. Rg3 Rcf8 36. Rf1 Qe4 37. Rg2 Rg6 38. Rxg6 Qxg6+ 39. Kh1 Qe4+ 40.
Kg1 Rf6 41. f3 Rxf3 42. Rxf3 Qxf3 43. Qc4 Qf6 44. Qc8+ Kh7 45. Qc2+ Qg6+ 0-1

[Event "XXXI Coppa d'Oro"]
[Site "Villa Guardia ITA"]
[Date "2013.11.03"]
[Round "6"]
[White "Bernasconi, Roberto"]
[Black "Gonella, Daniele"]
[WhiteElo "1939"]
[BlackElo "2142"]
[Result "0-1"]
[PlyCount "154"]
[EventDate "2013.11.01"]

1. e4 c5 2. Nf3 e6 3. d4 cxd4 4. Nxd4 Nc6 5. Nc3 Qc7 6. Be2 a6 7. Be3 b5 8. a3
Bb7 9. O-O Nf6 10. Nxc6 Bxc6 11. Bd3 Be7 12. Qe2 O-O 13. f4 d5 14. e5 Nd7 15.
Bd4 Rfe8 16. f5 exf5 17. Rxf5 Bc5 18. Bxc5 Nxc5 19. Raf1 f6 20. Re1 Re7 21. Qe3
Nxd3 22. cxd3 Qd7 23. Qf4 d4 24. Ne4 fxe5 25. Rxe5 Rxe5 26. Qxe5 Re8 27. Qf4 h6
28. Re2 Rf8 29. Qh4 Qe6 30. Qe1 Qg6 31. Qg3 Qh5 32. Qe1 Qg4 33. b4 Rf4 34. Nc5
Rf5 35. Rf2 Rxf2 36. Qxf2 Qd1+ 37. Qf1 Qd2 38. Nxa6 Qe3+ 39. Kh1 h5 40. h4 Qh3+
41. Kg1 Qxh4 42. Qe2 Bd7 43. Nc5 Bf5 44. Qe8+ Kh7 45. Qxb5 Qe1+ 46. Kh2 h4 47.
Nd7 Qg3+ 48. Kh1 Bxd7 49. Qh5+ Kg8 50. Qd5+ Kf8 51. Qxd7 Qxd3 52. Qd8+ Kf7 53.
Qd7+ Kf6 54. Qd8+ Ke6 55. Qxh4 Qf1+ 56. Kh2 d3 57. Qe4+ Kf6 58. Qd4+ Kg6 59.
Qg4+ Kh7 60. Qh4+ Kg6 61. Qg4+ Kf6 62. Qd4+ Kf5 63. Qd7+ Ke4 64. Qe6+ Kd4 65.
Qd7+ Ke3 66. Qe7+ Kd2 67. Qg5+ Kc2 68. Qc5+ Kd1 69. Qh5+ Qe2 70. Qf5 Qe3 71. b5
d2 72. Qf1+ Kc2 73. Qc4+ Qc3 74. Qa2+ Qb2 75. Qc4+ Kb1 76. Qf1+ Qc1 77. Qf5+
Qc2 0-1

[Event "XXXI Coppa d'Oro"]
[Site "Villa Guardia ITA"]
[Date "2013.11.03"]
[Round "6"]
[White "Cairoli, Camillo"]
[Black "Cervini, Gian Piero"]
[WhiteElo "1937"]
[BlackElo "1828"]
[Result "1-0"]
[PlyCount "65"]
[EventDate "2013.11.01"]

1. e4 g6 2. d4 Bg7 3. Nf3 d6 4. Bc4 Nf6 5. Qe2 c6 6. Bd3 Nbd7 7. c3 O-O 8. O-O
e5 9. Nbd2 Re8 10. Qd1 d5 11. dxe5 Nxe5 12. Nxe5 dxe4 13. Nxe4 Rxe5 14. Qc2 Nd5
15. f4 Re7 16. Nf2 f5 17. Bd2 Qd6 18. Rae1 Be6 19. g3 Rae8 20. Re2 Bf7 21. Rfe1
Rxe2 22. Rxe2 Rxe2 23. Bxe2 Qe7 24. Qd3 Nf6 25. Bf3 Bxa2 26. c4 Qc5 27. Be3
Qxc4 28. Qd8+ Kf7 29. Qc7+ Kf8 30. Qxb7 Ne4 31. Qxa7 Bxb2 32. Qb8+ Kf7 33. Qxb2
1-0

[Event "XXXI Coppa d'Oro"]
[Site "Villa Guardia ITA"]
[Date "2013.11.03"]
[Round "6"]
[White "Carbone, Lorenzo"]
[Black "Squillante, Michele"]
[WhiteElo "1541"]
[BlackElo "1715"]
[Result "1-0"]
[PlyCount "43"]
[EventDate "2013.11.01"]

1. e4 c6 2. c4 d5 3. exd5 cxd5 4. cxd5 Qxd5 5. Nc3 Qe5+ 6. Qe2 Qxe2+ 7. Bxe2
Bd7 8. Nf3 e6 9. Ne5 Bd6 10. Nxd7 Kxd7 11. d4 Ne7 12. O-O Nbc6 13. Be3 a6 14.
a3 Rhc8 15. Na4 Nd5 16. Bf3 Nxe3 17. Nb6+ Ke8 18. fxe3 Rab8 19. Nxc8 Rxc8 20.
Rac1 Kd7 21. Bxc6+ bxc6 22. Rxf7+ 1-0

[Event "XXXI Coppa d'Oro"]
[Site "Villa Guardia ITA"]
[Date "2013.11.03"]
[Round "6"]
[White "Ciochetta, Giovanni"]
[Black "Tavasci, Alfio"]
[WhiteElo "1574"]
[BlackElo "1589"]
[Result "0-1"]
[PlyCount "48"]
[EventDate "2013.11.01"]

1. e4 e6 2. d4 d5 3. exd5 exd5 4. Nc3 Nf6 5. Nf3 Bd6 6. Bg5 c6 7. Be2 Be6 8.
O-O Nbd7 9. a3 Qc7 10. Bxf6 Nxf6 11. g3 h6 12. b4 a6 13. Nh4 g5 14. Ng2 h5 15.
Qd2 O-O-O 16. Qxg5 Ng4 17. Bxg4 hxg4 18. Qd2 Rh3 19. Nh4 Rh8 20. f4 gxf3 21.
Nxf3 Bxg3 22. Rf2 Bxf2+ 23. Qxf2 Bg4 24. Re1 Bxf3 0-1

[Event "XXXI Coppa d'Oro"]
[Site "Villa Guardia ITA"]
[Date "2013.11.03"]
[Round "6"]
[White "Corti, Filippo"]
[Black "Rossi, Giampiero"]
[WhiteElo "1607"]
[BlackElo "1905"]
[Result "0-1"]
[PlyCount "36"]
[EventDate "2013.11.01"]

1. e4 c5 2. Nc3 e6 3. g3 Nc6 4. Bg2 g6 5. Nge2 Bg7 6. O-O Nge7 7. d3 O-O 8. Be3
d6 9. Qd2 Rb8 10. Bh6 Bxh6 11. Qxh6 f6 12. h4 Kh8 13. Rad1 e5 14. f4 Ng8 15.
Qxf8 Qxf8 16. fxe5 dxe5 17. Nd5 Bg4 18. Rd2 Qh6 0-1

[Event "XXXI Coppa d'Oro"]
[Site "Villa Guardia ITA"]
[Date "2013.11.03"]
[Round "6"]
[White "Gonella, Graziano"]
[Black "Fantina, Carla"]
[WhiteElo "1169"]
[BlackElo "1439"]
[Result "0-1"]
[PlyCount "36"]
[EventDate "2013.11.01"]

1. e4 d6 2. d4 Nf6 3. Bd3 g6 4. c3 Bg7 5. Bd2 O-O 6. Qc1 c5 7. Bh6 cxd4 8. Bxg7
Kxg7 9. cxd4 Qb6 10. Qc3 Nc6 11. Nf3 Qa5 12. O-O Qxc3 13. Nxc3 Bg4 14. Nh4 Nxd4
15. f3 Bd7 16. Rae1 e5 17. Nd5 Nxd5 18. exd5 Bg4 0-1

[Event "XXXI Coppa d'Oro"]
[Site "Villa Guardia ITA"]
[Date "2013.11.03"]
[Round "6"]
[White "Guzzetti, Luigi Enrico"]
[Black "Paniga, Danilo"]
[WhiteElo "1887"]
[BlackElo "1820"]
[Result "1-0"]
[PlyCount "111"]
[EventDate "2013.11.01"]

1. e4 d6 2. d4 Nf6 3. Bd3 e5 4. c3 c6 5. Nf3 Nbd7 6. O-O Be7 7. Re1 O-O 8. Nbd2
a6 9. Nc4 Qc7 10. Ne3 Re8 11. Nf5 Bf8 12. Bg5 b5 13. a4 Bb7 14. dxe5 dxe5 15.
Qe2 Nc5 16. Bxf6 Nxd3 17. Qxd3 gxf6 18. N3h4 Rad8 19. Qg3+ Kh8 20. axb5 cxb5
21. Qe3 Qc5 22. Qf3 Rd2 23. Ng3 Bg7 24. Nh5 Qb6 25. Nf5 Bf8 26. Rad1 Red8 27.
Rxd2 Rxd2 28. Qg3 Bxe4 29. Ne3 Bg6 30. Qf3 Bg7 31. g4 Qd8 32. h4 Bxh5 33. gxh5
Bh6 34. Nf5 Bf4 35. Kh1 Qd5 36. Qxd5 Rxd5 37. Rg1 a5 38. Ne7 Rd8 39. Nc6 Ra8
40. Rd1 Kg7 41. Rd5 Ra6 42. Nd8 Kf8 43. Rxb5 Ke7 44. Nb7 a4 45. Nc5 Ra7 46. Kg2
Kd6 47. Nd3 Bd2 48. Kf3 a3 49. bxa3 Rxa3 50. Rb6+ Ke7 51. Nb4 Bxc3 52. Nd5+ Kf8
53. Rb8+ Kg7 54. Ke4 Bd4 55. Ne7 Bxf2 56. Nf5# 1-0

[Event "XXXI Coppa d'Oro"]
[Site "Villa Guardia ITA"]
[Date "2013.11.03"]
[Round "6"]
[White "Loukili, Ibrahim"]
[Black "Zerboni, Giuseppe"]
[WhiteElo "1455"]
[BlackElo "1591"]
[Result "0-1"]
[PlyCount "72"]
[EventDate "2013.11.01"]

1. e4 e6 2. Qe2 c5 3. f4 Nc6 4. Nf3 Be7 5. g3 Nf6 6. Bh3 Nb4 7. Qc4 b6 8. d3 d5
9. Qb3 dxe4 10. dxe4 O-O 11. a3 Nc6 12. Qe3 Ba6 13. e5 Nd5 14. Qe4 Qd7 15. c4
Nc7 16. O-O Nd4 17. Nxd4 cxd4 18. b3 d3 19. Rd1 Bc5+ 20. Kh1 Nb5 21. Rxd3 Nd4
22. Rc3 Bb7 23. Qxb7 Qxb7+ 24. Bg2 Nc6 25. b4 Bd4 26. b5 Bxc3 27. Nxc3 Rad8 28.
bxc6 Qa6 29. Nb5 Rd1+ 30. Bf1 Qa4 31. Kg2 Qc2+ 32. Kf3 Rxf1+ 33. Kg4 Qe2+ 34.
Kh4 h5 35. Kh3 Rf2 36. Nc3 Qg4# 0-1

[Event "XXXI Coppa d'Oro"]
[Site "Villa Guardia ITA"]
[Date "2013.11.03"]
[Round "6"]
[White "Marcantognini, Denis"]
[Black "Ghelfi, Giancarlo"]
[WhiteElo "1455"]
[BlackElo "1618"]
[Result "0-1"]
[PlyCount "186"]
[EventDate "2013.11.01"]

1. c4 Nf6 2. Nf3 g6 3. g3 Bg7 4. Bg2 O-O 5. Nc3 d6 6. d3 Nbd7 7. Rb1 Rb8 8. O-O
a6 9. Bd2 c5 10. Qc1 Re8 11. Bh6 Bh8 12. Nd2 b5 13. Nd5 b4 14. Ne4 Nxd5 15.
cxd5 Bb7 16. Ng5 Nf6 17. Ne4 Nxd5 18. Qc4 Nb6 19. Qb3 a5 20. Ng5 d5 21. e4 c4
22. dxc4 dxc4 23. Qf3 Bf6 24. Rfd1 Qc7 25. Qe3 Red8 26. Re1 Rd3 27. Qf4 Qxf4
28. gxf4 e5 29. fxe5 Bxe5 30. Nf3 Bc7 31. Rbc1 Rbd8 32. Rc2 f5 33. Ng5 Rd1 34.
Rce2 Rxe1+ 35. Rxe1 Re8 36. f3 Na4 37. Bf1 Nxb2 38. Rb1 Nd3 39. Rd1 Bb6+ 40.
Kg2 fxe4 41. fxe4 Nf2 42. Bxc4+ Kh8 43. Nf7+ Kg8 44. Nd6+ Kh8 45. Bg7+ Kxg7 46.
Nxe8+ Kh6 47. Rd7 Bxe4+ 48. Kg3 Ng4 49. Bg8 Kg5 50. h4+ Kf5 51. Nd6+ Ke5 52.
Nxe4 Nh6 53. Bd5 Nf5+ 54. Kh3 Ne3 55. Bc6 h5 56. Nd2 Bc5 57. Nb3 Bb6 58. Rg7
Kf6 59. Rg8 Nc4 60. Be4 Ne5 61. Rb8 Bc7 62. Ra8 Nc4 63. Rc8 Nd6 64. Rxc7 Nxe4
65. Nxa5 Nf2+ 66. Kg3 Ne4+ 67. Kf3 Nd2+ 68. Ke2 Ne4 69. Ke3 Nc3 70. Nc4 Nd5+
71. Ke4 Nxc7 72. Nd2 g5 73. hxg5+ Kxg5 74. Nf3+ Kg4 75. Ke3 Nd5+ 76. Kf2 Nc3
77. Kg2 Nxa2 78. Nd2 Nc3 79. Kh2 h4 80. Kg2 h3+ 81. Kh2 Nd5 82. Nb3 Ne3 83. Nd2
Nf5 84. Nb3 Nh4 85. Nc1 Nf3+ 86. Kh1 Nd4 87. Nd3 b3 88. Kh2 Nf3+ 89. Kh1 Kg3
90. Nb2 h2 91. Nd1 Ng1 92. Nc3 Nh3 93. Nd1 b2 0-1

[Event "XXXI Coppa d'Oro"]
[Site "Villa Guardia ITA"]
[Date "2013.11.03"]
[Round "6"]
[White "Piccapietra, Matteo"]
[Black "Mason, Giovanni"]
[WhiteElo "1422"]
[BlackElo "1580"]
[Result "1-0"]
[PlyCount "63"]
[EventDate "2013.11.01"]

1. e4 c5 2. Nf3 e6 3. d4 cxd4 4. Nxd4 a6 5. Nc3 Nc6 6. Nf3 d6 7. Be3 Be7 8. Qd2
Nf6 9. Bd3 O-O 10. O-O-O b5 11. Ne2 Qc7 12. h3 Bd7 13. g4 Ne5 14. Nxe5 dxe5 15.
g5 Ne8 16. h4 Bc6 17. Kb1 Rd8 18. Ng3 a5 19. Qe2 Qb7 20. h5 Nc7 21. h6 g6 22.
f4 exf4 23. Bxf4 Rd7 24. Qf2 Rfd8 25. Rc1 Na6 26. Be5 Nc7 27. Bf6 Bxf6 28. Qxf6
Ne8 29. Qf2 Qa7 30. Qf3 a4 31. Rhf1 a3 32. b3 1-0

[Event "XXXI Coppa d'Oro"]
[Site "Villa Guardia ITA"]
[Date "2013.11.03"]
[Round "6"]
[White "Poletto, Daniele"]
[Black "Veri', Giustino"]
[WhiteElo "1745"]
[BlackElo "1713"]
[Result "1/2-1/2"]
[PlyCount "31"]
[EventDate "2013.11.01"]

1. c4 c5 2. Nc3 e6 3. e4 d6 4. g3 Nc6 5. Bg2 Nf6 6. d3 Be7 7. Nge2 Qc7 8. O-O
O-O 9. h3 b6 10. Be3 Bb7 11. a3 a6 12. Rb1 Rfd8 13. f4 Rd7 14. b4 Na7 15. Qb3
Rad8 16. Kh2 1/2-1/2

[Event "XXXI Coppa d'Oro"]
[Site "Villa Guardia ITA"]
[Date "2013.11.03"]
[Round "6"]
[White "Puppi, Simone"]
[Black "Cairoli, Fabio"]
[WhiteElo "1556"]
[BlackElo "1383"]
[Result "0-1"]
[PlyCount "90"]
[EventDate "2013.11.01"]

1. e4 e5 2. Nf3 Nc6 3. Bb5 a6 4. Bxc6 dxc6 5. h3 Nf6 6. d3 Bd6 7. Bg5 h6 8. Bh4
Be6 9. Bg3 Qe7 10. Bxe5 Bxe5 11. Nxe5 Bxh3 12. Nxc6 bxc6 13. Rxh3 O-O 14. a3
Qe5 15. Qc1 Rab8 16. Nd2 Ng4 17. Nc4 Qd4 18. Qf4 f5 19. c3 Qd7 20. exf5 Rbe8+
21. Kd2 Rxf5 22. Rf3 Rxf4 23. Rxf4 Rf8 24. Rd4 Rxf2+ 25. Kc1 Qe7 26. Kb1 Rf1+
27. Ka2 Rxa1+ 28. Kxa1 Qe2 29. Ka2 Qxg2 30. Kb3 h5 31. Re4 h4 32. Re6 h3 33.
Rg6 h2 34. Ne5 Qd5+ 35. Nc4 h1=Q 36. Rxg4 Qxd3 37. Rd4 Qxd4 38. cxd4 g5 39. Ne5
Qe4 40. Kc4 g4 41. Nd7 Kg7 42. Nc5 Qe2+ 43. Kc3 g3 44. Nd3 g2 45. Nf4 Qe3+ 0-1

[Event "XXXI Coppa d'Oro"]
[Site "Villa Guardia ITA"]
[Date "2013.11.03"]
[Round "6"]
[White "Revinelli, Sergio"]
[Black "Raineri, Valerio"]
[WhiteElo "1818"]
[BlackElo "2109"]
[Result "0-1"]
[PlyCount "52"]
[EventDate "2013.11.01"]

1. e4 e5 2. Nf3 Nc6 3. Bc4 Bc5 4. c3 Qe7 5. O-O Nf6 6. d4 Bb6 7. Bg5 d6 8. a4
a5 9. d5 Nb8 10. Re1 Nbd7 11. h3 Nf8 12. Nbd2 h6 13. Be3 Bxe3 14. Rxe3 Ng6 15.
Nf1 Nf4 16. Kh2 O-O 17. Ng1 Nh7 18. Qd2 f5 19. g3 Ng6 20. exf5 Bxf5 21. f4 Qf6
22. fxe5 Nxe5 23. Be2 Ng5 24. g4 Be4 25. Qe1 Qf2+ 26. Qxf2 Rxf2+ 0-1

[Event "XXXI Coppa d'Oro"]
[Site "Villa Guardia ITA"]
[Date "2013.11.03"]
[Round "6"]
[White "Ronconi, Fausto"]
[Black "Lipari, Alberto"]
[WhiteElo "1678"]
[BlackElo "1531"]
[Result "1-0"]
[PlyCount "45"]
[EventDate "2013.11.01"]

1. d4 g6 2. c4 Bg7 3. Nc3 d6 4. Nf3 Nc6 5. g3 e5 6. dxe5 Nxe5 7. Nxe5 Bxe5 8.
Ne4 Bf5 9. Bg2 c6 10. O-O Bxe4 11. Bxe4 f5 12. Bg2 Qf6 13. Rb1 Ne7 14. Be3 f4
15. Bd2 O-O-O 16. Qa4 a6 17. b4 fxg3 18. fxg3 Qe6 19. b5 Bd4+ 20. Kh1 axb5 21.
cxb5 Kd7 22. bxc6+ Nxc6 23. Rxb7+ 1-0